| 000 | 01167nam a2200361Ia 4500 | ||
|---|---|---|---|
| 001 | Para_8774 | ||
| 003 | CHAP | ||
| 008 | 220125s2002 xx 000 0 und d | ||
| 010 | _a207555 | ||
| 040 | _cCHAP | ||
| 090 | _aPA TESIS 1748 | ||
| 100 |
_aAnaya Rosales, Socorro _95512 |
||
| 245 |
_aDiagnosis de plagas insectiles exóticas de importancia cuarentenaria para México / _c por Socorro Anaya Rosales |
||
| 260 |
_aMontecillos, Méx. : _b el autor |
||
| 300 | _a631 h. + apénd. | ||
| 502 | _aTesis (Doctora en Ciencias). Colegio de Postgraduados. Programa de Entomología y Acarología | ||
| 650 | _aAcaros | ||
| 650 |
_aColeopteros _925123 |
||
| 650 |
_aDípteros _933715 |
||
| 650 |
_aHemípteros _953511 |
||
| 650 |
_aHomopteros _956067 |
||
| 650 |
_aLepidopteros _966252 |
||
| 650 |
_aMosca de la fruta _978989 |
||
| 650 |
_aPlagas exóticas _9174127 |
||
| 710 |
_aColegio de Postgraduados. Programa de Entomología y Acarología _9171248 |
||
| 901 | _aPA TESIS 1748 | ||
| 902 | _aA | ||
| 905 | _a0000002002 an 0000000000 00 | ||
| 910 | _a2002 | ||
| 942 | _cPARA | ||
| 942 |
_cPARA _d1 |
||
| 999 |
_c207555 _d207555 |
||